000
00203 a2200097 4500
001
10425
100
_a
Hughes, A J
245
_a
History of Air Navigation.
260
_a
_b
Allen
_c
090
_c
8053
_d
8053
942
_a
NUST-CAE
_c
M
_c
34771
999
_c
245498
_d
245498